|
|
|
|
| LEADER |
01454nam a2200385 a 4500 |
| 001 |
000538117 |
| 003 |
CZ BrMZK |
| 005 |
20060209115220.0 |
| 007 |
ta |
| 008 |
000115s2000 xr c p cze d |
| 015 |
|
|
|a cnb000982194
|
| 020 |
|
|
|a 80-86287-34-3
|
| 035 |
|
|
|a (OCoLC)46964385
|
| 040 |
|
|
|a BOA001
|b cze
|
| 072 |
|
7 |
|a 811.162.3
|x Čeština
|2 Konspekt
|9 11
|
| 072 |
|
7 |
|a 37.016
|x Učební osnovy. Vyučovací předměty. Učebnice
|2 Konspekt
|9 22
|
| 080 |
|
|
|a 811.162.3
|2 MRF
|
| 080 |
|
|
|a (075.2)
|2 MRF
|
| 100 |
1 |
|
|a Müllerová, Olga,
|d 1942-
|7 jn20000620242
|4 aut
|
| 245 |
1 |
0 |
|a Český jazyk 8 :
|b procvičujeme, opakujeme /
|c Olga Müllerová, Jana Hoffmannová, Bohuslav Hoffmann ; [ilustroval Karel Benetka]
|
| 246 |
3 |
3 |
|a Procvičujeme, opakujeme
|
| 246 |
3 |
3 |
|a Český jazyk 8 - Procvičujeme, opakujeme
|
| 250 |
|
|
|a 1. vyd.
|
| 260 |
|
|
|a Praha :
|b SPL - Práce,
|c 2000
|
| 300 |
|
|
|a 131 s. :
|b il. ;
|c 23 cm
|
| 490 |
1 |
|
|a Učebnice pro základní školy
|
| 650 |
0 |
7 |
|a čeština
|7 ph135292
|2 czenas
|
| 655 |
|
7 |
|a učebnice základních škol
|7 fd133773
|2 czenas
|
| 700 |
1 |
|
|a Hoffmann, Bohuslav,
|d 1940-
|7 jk01041503
|4 aut
|
| 700 |
1 |
|
|a Hoffmannová, Jana,
|d 1950-
|7 jn20000620105
|4 aut
|
| 700 |
1 |
|
|a Benetka, Karel,
|d 1938-
|7 jo2003170236
|4 ill
|
| 830 |
|
0 |
|a Učebnice pro základní školy
|
| 910 |
|
|
|a BOA001
|b 2-1078.482
|
| 990 |
|
|
|a BK
|
| 996 |
6 |
|
|b 2610123812
|c 2-1078.482
|l MZK
|r Sklad / do 1 hodiny
|n 1
|p p.v.
|w 000538117
|u 000010
|a 1
|e BOA001
|j MZK50
|s P
|